[Event "Match"]
[Site "www.echecsemail.com"]
[Date "2014.12.29"]
[Round "1"]
[White "Xav77"]
[Black "Caine"]
[WhiteElo "2070"]
[BlackElo "1499"]
[Result "1-0"]
[Round "1"]
1.e4 e5
2.Ng1f3 Ng8f6
3.Nb1c3 Nb8c6
4.a3 d6
5.Bf1b5 a6
6.Bb5xc6 bxc6
7.h3 Bf8e7
8.d4  { time }
1-0

[Event "Match"]
[Site "www.echecsemail.com"]
[Date "2014.12.29"]
[Round "1"]
[White "Pilou"]
[Black "Nimzo"]
[WhiteElo "2640"]
[BlackElo "2609"]
[Result "1/2-1/2"]
[Round "1"]
1.e4 c5
2.Ng1f3 e6
3.d4 cxd4
4.Nf3xd4 Nb8c6
5.Nb1c3 Qd8c7
6.Bf1e2 a6
7.O-O Ng8f6
8.Bc1e3 Bf8b4
9.Nc3a4 Bb4e7
10.Nd4xc6 bxc6
11.Na4b6 Ra8b8
12.Nb6xc8 Qc7xc8
13.Be3d4 c5
14.Bd4e5 Rb8b6
15.Qd1d3 d6
16.Be5c3 O-O
17.b3 Qc8c6
18.f3 Rf8c8
19.Bc3a5 Rb6b5
20.Ba5e1 Rb5b6
21.Be1f2 d5
22.e5 Nf6d7
23.f4 c4
24.bxc4 dxc4
25.Qd3c3 Rb6b5
26.Be2f3 Qc6c7
27.Rf1d1 Nd7b6
28.a4 Rb5b4
29.Qc3e3 a5
30.c3 Rb4b3
31.Qe3c1 Rc8d8
32.Rd1xd8 Qc7xd8
33.Qc1e1 Qd8c7
34.Kf1 g6
35.Qe1d2 Nb6d7
36.Qd2d4 Rb3b2
37.Bf2e3 Nd7b6
{ draw }
1/2-1/2

[Event "Match"]
[Site "www.echecsemail.com"]
[Date "2014.12.29"]
[Round "1"]
[White "Orkman"]
[Black "Dominiquer"]
[WhiteElo "2150"]
[BlackElo "1880"]
[Result "1-0"]
[Round "1"]
1.e4 e6
2.d4 d5
3.Nb1d2 Ng8f6
4.e5 Nf6d7
5.Bf1d3 c5
6.c3 cxd4
7.cxd4 Bf8b4
8.Ng1e2 f6
9.f4 Nb8c6
10.O-O O-O
11.Nd2f3 a6
12.a3 Bb4a5
13.b4 Ba5b6
14.Bc1e3 fxe5
15.fxe5 a5
16.b5 Nc6e7
17.Ne2f4 Ne7f5
18.Bd3xf5 Rf8xf5
19.Nf4xe6 Qd8e7
20.Ne6f4 Qe7f7
21.e6 { resign }
1-0

[Event "Eq:chibcha-CONFOEDERATIONIS HELVETICAE : "]
[Site "www.chess-mail.com"]
[Date "2014.12.29"]
[Round "1"]
[White "Pablincho"]
[Black "Asiamen"]
[WhiteElo "1940"]
[BlackElo "2080"]
[Result "0-1"]
[Round "1"]
1.e4 e6
2.d4 d5
3.e5 c5
4.Ng1f3 Nb8c6
5.Bc1e3 c4
6.Nb1d2 Ng8e7
7.c3 Ne7g6
8.Bf1e2 Bf8e7
9.Qd1c2 b5
10.b4 a6
11.O-O O-O
12.h3 Bc8b7
13.a4 Rf8e8
14.a5 Be7f8
15.Nf3h2 Nc6e7
16.Be2h5 Ra8c8
17.Be3g5 h6
18.Bh5xg6 hxg5
19.Bg6h5 g6
20.Bh5g4 Ne7f5
21.Nh2f3 Bf8e7
22.Bg4xf5 gxf5
23.Qc2d1 Kg7
24.Nf3h2 Re8h8
25.f3 Qd8g8
26.Ra1a2 Qg8h7
27.Qd1e1 Qh7h4
28.Rf1f2 Rc8g8
29.Nd2f1 Kf8
30.Nf1e3 Qh4g3
31.Nh2f1 Qg3h4
32.g3 Qh4h7
33.Rf2h2 Qh7g6
34.Ra2g2 Ke8
35.f4 Kd7
36.Qe1f2 Qg6h6
37.Nf1d2 gxf4
38.Qf2xf4 Be7g5
39.Ne3g4 Bg5xf4
40.Ng4xh6 Bf4xh6
41.Nd2f3 Bh6e3
42.Kf1 Bb7c6
43.Ke2 { time. }
0-1

[Event "Eq:chibcha-CONFOEDERATIONIS HELVETICAE : "]
[Site "www.chess-mail.com"]
[Date "2014.12.29"]
[Round "1"]
[White "Asiamen"]
[Black "Pablincho"]
[WhiteElo "2080"]
[BlackElo "1940"]
[Result "1-0"]
[Round "1"]
1.e4 Nb8c6
2.Ng1f3 d6
3.Bf1b5 Bc8d7
4.c3 e5
5.Bb5a4 Bf8e7
6.Ba4c2 Ng8f6
7.d3 h6
8.h3 O-O
9.O-O Nf6h7
10.a3 f5
11.Bc1e3 f4
12.Be3c1 Be7h4
13.Qd1e2 g5
14.Nf3xh4 gxh4
15.Bc2b3 Kh8
16.f3 Qd8g5
17.Bc1d2 Bd7xh3
18.Rf1f2 Qg5g7
19.Kf1 Bh3c8
20.Ke1 Nh7f6
21.Kd1 Nf6h5
22.Kc2 Nc6a5
23.Bb3a2 Bc8d7
24.b4 Nh5g3
25.Qe2e1 Na5c6
26.Bd2c1 a5
27.b5 Nc6a7
28.a4 c6
29.Bc1a3 Qg7f6
30.Ba3b2 cxb5
31.axb5 Bd7xb5
32.Nb1d2 Ra8c8
33.Nd2f1 Na7c6
34.Nf1xg3 hxg3
35.Rf2d2 Nc6b4
36.Kb1 Nb4xd3
37.Rd2xd3 Bb5xd3
38.Kc1 b5
39.Kd2 Bd3c4
40.Ba2xc4 bxc4
41.Qe1e2 Qf6d8
42.Ra1h1 Kg7
43.Kc2 Rf8h8
44.Qe2d2 Qd8b6
45.Rh1b1  { time }
1-0

[Event "Eq:chibcha-THE KILLERS 1 : "]
[Site "www.chess-mail.com"]
[Date "2014.12.29"]
[Round "1"]
[White "Muller42"]
[Black "Pablincho"]
[WhiteElo "1649"]
[BlackElo "1880"]
[Result "1-0"]
[Round "1"]
1.e4 e6
2.d3 c5
3.Nb1d2 Nb8c6
4.g3 Ng8f6
5.Bf1g2 d6
6.f4 e5
7.Nd2f3 Bf8e7
8.Ng1e2 Qd8c7
9.O-O O-O
{ time. }
1-0

[Event "Fast Game"]
[Site "www.echecsemail.com"]
[Date "2014.12.29"]
[Round "1"]
[White "Chtoubidou"]
[Black "Attatroll"]
[WhiteElo "1750"]
[BlackElo "1830"]
[Result "0-1"]
[Round "1"]
1.Nb1c3 e5
2.Ng1f3 Nb8c6
3.d4 Ng8f6
4.dxe5 Nf6g4
5.Bc1f4 Qd8e7
6.Nc3d5 Qe7c5
7.e3 Qc5a5
8.Qd1d2 Qa5xd2
9.Nf3xd2 Kd8
10.e6 d6
11.exf7 Bc8e6
12.Bf1c4 Be6xf7
13.Bf4g5 Kc8
14.Nd5xc7 Bf7xc4
15.Nc7xa8 Bc4e6
16.h3 Ng4e5
17.a3 Kb8
18.Na8b6 axb6
19.O-O-O Kc7
20.f4 Ne5f7
21.Nd2e4 Nf7xg5
22.Ne4xg5 Be6g8
23.e4 h6
24.Ng5f3 Bf8e7
25.Rh1e1 Bg8h7
26.e5 dxe5
27.Nf3xe5 Nc6xe5
28.Re1xe5 Be7f6
29.Re5d5 Bh7e4
30.Rd5d7 Kc8
31.Rd7f7 Rh8d8
32.Rd1xd8 Kxd8
33.g3 Be4g2
34.c3 Ke8
35.Rf7c7 Kd8
36.Rc7c4 Bg2xh3
37.Rc4b4 Kc7
38.Kd2 Bh3f5
{ resign }
0-1

[Event "Tourn. n7899"]
[Site "www.chess-mail.com"]
[Date "2014.12.30"]
[Round "1"]
[White "Luban"]
[Black "Vite"]
[WhiteElo "2130"]
[BlackElo "2040"]
[Result "0-1"]
[Round "1"]
1.d4 d5
2.Ng1f3 Bc8g4
3.e3 Ng8f6
4.c4 c6
5.Nb1c3 Nb8d7
6.h3 Bg4h5
7.cxd5 cxd5
8.Bf1e2 e6
9.a3 Bf8d6
10.O-O O-O
11.b4 a6
12.Bc1b2 b5
13.Ra1c1 Ra8c8
14.Nf3d2 Bh5g6
15.f3 Nd7b6
16.e4 dxe4
17.Nd2xe4 Nb6c4
18.Be2xc4 Rc8xc4
19.Ne4xf6 Qd8xf6
20.Nc3e4 Qf6e7
21.Ne4c5 Rc4xc1
22.Qd1xc1 Qe7h4
23.Qc1d2 Qh4g3
24.Rf1f2 Qg3h2
25.Kf1 Qh2h1
26.Ke2 Bd6g3
27.Qd2c1 Qh1xc1
28.Bb2xc1 Bg3xf2
29.Kxf2 Rf8d8
30.Bc1e3 Kf8
31.Ke2 Ke7
32.Kd2 e5
33.Kc3 exd4
34.Be3xd4 f6
35.f4 Rd8d6
36.g4 Bg6f7
37.Nc5d3 Rd6c6
38.Bd4c5 Ke6
39.Kd4 f5
40.Nd3e5 Rc6c8
41.gxf5 Kf6
42.Ne5xf7 Kxf7
43.Bc5d6 Rc8c1
44.Kd5 Rc1a1
{ resign }
0-1

[Event "Tourn. n7837"]
[Site "www.chess-mail.com"]
[Date "2014.12.30"]
[Round "1"]
[White "Haukia"]
[Black "Liencam2"]
[WhiteElo "2200"]
[BlackElo "2270"]
[Result "1-0"]
[Round "1"]
1.e4 c5
2.Ng1f3 d6
3.Bf1b5 Nb8d7
4.d4 Ng8f6
5.O-O a6
6.Bb5xd7 Nf6xd7
7.Nb1c3 cxd4
8.Qd1xd4 e6
9.Rf1d1 Qd8b6
10.Qd4xb6 Nd7xb6
11.b3 Bc8d7
12.Bc1e3 Ra8c8
13.Rd1d3 Rc8c6
14.Nf3d4 Rc6c7
15.Nd4xe6 fxe6
16.Be3xb6 Rc7c6
17.Bb6d4 e5
18.Bd4e3 Bf8e7
19.Ra1c1 Bd7e6
20.Nc3d5 Be7d8
21.Nd5b4 Rc6c8
22.Rd3xd6 Kf7
23.Nb4d5 Bd8f6
24.Rd6b6 Rc8b8
25.Nd5xf6 gxf6
26.f4 Be6d7
27.Rc1f1 exf4
28.Be3xf4 Rb8d8
29.Rb6xb7 Ke6
30.Rb7b6 Ke7
31.Bf4d6 Kf7
32.Bd6e5 Bd7b5
33.c4 { resign }
1-0

[Event "Tourn. n7901"]
[Site "www.chess-mail.com"]
[Date "2014.12.30"]
[Round "1"]
[White "Falcoale"]
[Black "Colchester"]
[WhiteElo "2060"]
[BlackElo "1800"]
[Result "1-0"]
[Round "1"]
1.e4 e5
2.Ng1f3 d6
3.Nb1c3 Ng8f6
4.Bf1c4 Bf8e7
5.O-O O-O
6.d4 exd4
7.Nf3xd4 a6
8.f4 Nb8d7
9.Nd4f5 Nd7b6
10.Nf5xe7 Qd8xe7
11.Bc4d3 Bc8g4
12.Qd1e1 Rf8e8
13.h3 Bg4d7
14.Qe1f2 Bd7c6
15.Rf1e1 Ra8d8
16.Bc1d2 Nf6d7
17.Nc3d5 Bc6xd5
18.exd5 Qe7f8
19.Qf2h4 Nd7f6
20.Bd2c3 Nb6d7
21.g4 Re8xe1
22.Ra1xe1 Rd8e8
23.g5 Re8xe1
24.Bc3xe1 { resign }
1-0

[Event "Tourn. n7898"]
[Site "www.chess-mail.com"]
[Date "2014.12.30"]
[Round "1"]
[White "Tenzinnima"]
[Black "Uliczny2"]
[WhiteElo "1689"]
[BlackElo "1700"]
[Result "1-0"]
[Round "1"]
1.d4 Ng8f6
2.a3 g6
3.c4 Bf8g7
4.Nb1c3 O-O
5.Ng1f3 d6
6.e4 Nb8d7
7.Bf1d3 e5
8.Bc1e3 Nd7b6
9.O-O Bc8g4
10.h3 Bg4xf3
11.Qd1xf3 Nf6d7
12.d5 c6
13.Rf1c1 c5
14.b4 Ra8c8
15.Nc3b5 a6
16.Nb5xd6 Qd8c7
17.Nd6xc8 { resign }
1-0

[Event "Tourn. n7901"]
[Site "www.chess-mail.com"]
[Date "2014.12.30"]
[Round "1"]
[White "Osopanda"]
[Black "Anja"]
[WhiteElo "1910"]
[BlackElo "1930"]
[Result "0-1"]
[Round "1"]
1.c4 e5
2.Nb1c3 Nb8c6
3.g3 g6
4.Bf1g2 Bf8g7
5.e4 d6
6.Ng1e2 f5
7.O-O Ng8f6
8.d3 h6
9.Rf1e1 O-O
10.Nc3d5 Nc6d4
11.Ne2xd4 exd4
12.b4 Nf6xd5
13.cxd5 c6
14.dxc6 bxc6
15.exf5 Bc8xf5
16.Bg2xc6 Ra8c8
17.b5 Qd8f6
18.Bc1b2 Bf5h3
19.f4 g5
20.Qd1b3 Kh8
21.Re1e4 gxf4
22.Re4xf4 Qf6e5
23.Bb2xd4 Qe5e2
24.Rf4xf8 Rc8xf8
25.Qb3b2 Rf8f1
{ resign }
0-1

[Event "Tourn. n7918"]
[Site "www.chess-mail.com"]
[Date "2014.12.30"]
[Round "1"]
[White "Faerieking"]
[Black "Passaroa25"]
[WhiteElo "1499"]
[BlackElo "1540"]
[Result "1-0"]
[Round "1"]
1.e4 e5
2.Ng1f3 d6
3.Nb1c3 Bc8e6
4.d4 Nb8d7
5.h3 f6
6.d5 Be6f7
7.g4 g5
8.h4 h6
9.hxg5 Bf8g7
10.gxh6 Ng8xh6
11.g5 Nh6g4
12.Rh1xh8 Bg7xh8
13.g6 Bf7xg6
14.Nf3h4 Bg6h5
15.Bf1e2 f5
16.Nh4xf5 Nd7f6
17.Bc1g5 Qd8d7
18.Bg5xf6 Bh8xf6
19.Be2xg4 Bh5xg4
20.Qd1xg4 O-O-O
21.O-O-O a6
22.a4 Kb8
23.Rd1h1 b5
24.axb5 axb5
25.Qg4e2 Bf6g5
26.Kb1 b4
27.Qe2b5 Qd7xb5
28.Nc3xb5 Bg5f4
29.Rh1h7 Rd8c8
30.Nf5e7 Rc8d8
31.Ne7c6 Kb7
32.Nc6xd8 Kb6
33.Nb5xc7 Kc5
34.Nc7e6 Kc4
35.Rh7c7 Kb5
36.Rc7c6 Bf4d2
37.Ne6c7 Ka4
38.Rc6a6 
1-0

[Event "Tourn. n7763"]
[Site "www.chess-mail.com"]
[Date "2014.12.30"]
[Round "1"]
[White "Samael"]
[Black "Bojan"]
[WhiteElo "2100"]
[BlackElo "1940"]
[Result "1/2-1/2"]
[Round "1"]
1.e4 c5
2.d3 g6
3.Nb1c3 Bf8g7
4.Bc1d2 b6
5.Ng1f3 Bc8b7
6.Bf1e2 Nb8c6
7.O-O e6
8.Ra1b1 Ng8e7
9.a3 Nc6e5
10.Kh1 Ne7c6
11.Nc3b5 d5
12.Nf3xe5 Nc6xe5
13.f4 Ne5c6
14.Nb5c3 Nc6d4
15.Rf1e1 dxe4
16.dxe4 Nd4xe2
17.Qd1xe2 Qd8h4
18.Nc3d1 Ra8d8
19.Nd1f2 O-O
20.c3 Rd8d7
21.Rb1d1 Bg7h6
22.Nf2g4 Bh6g7
23.Ng4f2 Bb7c6
24.Qe2g4 Qh4xg4
25.Nf2xg4 f5
26.exf5 exf5
27.Ng4f2 Rf8d8
28.Bd2c1 Bc6a4
29.Rd1xd7 Rd8xd7
30.Kg1 Ba4b3
31.Re1e3 c4
32.Re3e2 Bg7f8
33.h3 Bf8c5
34.Kf1 Kf7
35.Bc1e3 Bc5d6
36.g3 Bd6e7
37.h4 h5
38.Ke1 Be7d6
39.Re2d2 Ke6
40.Nf2h3 Bd6e7
41.Nh3g5 Be7xg5
42.fxg5 Rd7d5
43.Be3d4 Kd7
44.Bd4e3 Kc6
45.Ke2 Bb3a2
46.Rd2d4 Ba2b1
47.Rd4xc4 Kd7
48.Rc4d4 Kc6
49.Rd4xd5 Kxd5
50.Be3d4 Kc4
51.Kd2 Bb1e4
52.Bd4e5 b5
53.Be5c7 Kb3
54.Kc1 a6
{ draw }
1/2-1/2

[Event "Tourn. n7878"]
[Site "www.chess-mail.com"]
[Date "2014.12.30"]
[Round "1"]
[White "Juantonio"]
[Black "Julian"]
[WhiteElo "1960"]
[BlackElo "2040"]
[Result "1/2-1/2"]
[Round "1"]
1.e4 g6
2.d4 Bf8g7
3.Ng1f3 c5
4.c3 Nb8c6
5.dxc5 Ng8f6
6.e5 Nf6g4
7.Bc1f4 Ng4xe5
8.Bf1e2 d6
9.cxd6 exd6
10.O-O O-O
11.Nb1d2 Bc8e6
12.Rf1e1 Ne5xf3
13.Nd2xf3 Nc6e5
14.Qd1c2 Ra8c8
15.Ra1d1 Qd8b6
16.Rd1d2 Ne5xf3
17.Be2xf3 Rf8d8
18.Re1d1 d5
19.Bf3xd5 Be6xd5
20.Rd2xd5 Rd8xd5
21.Rd1xd5 Qb6e6
22.Qc2d2 Bg7f8
23.h3 Rc8e8
24.Rd5e5 Qe6c6
25.Re5xe8 Qc6xe8
26.Qd2e3 Qe8xe3
27.Bf4xe3 a6
28.Be3d4 Bf8h6
29.c4 Kf8
30.Kf1 { draw }
1/2-1/2

[Event "Tourn. n7902"]
[Site "www.chess-mail.com"]
[Date "2014.12.30"]
[Round "1"]
[White "Iko"]
[Black "Derik"]
[WhiteElo "1430"]
[BlackElo "1470"]
[Result "0-1"]
[Round "1"]
1.e4 e6
2.e5 d5
3.d4 c5
4.c3 Nb8c6
5.Bf1b5 Ng8f6
6.Bb5xc6 bxc6
7.exf6 Qd8xf6
8.dxc5 g6
9.Qd1a4 Bc8b7
10.Nb1a3 Bf8xc5
11.Bc1e3 Qf6e5
12.Qa4b3 O-O
13.Qb3xb7 Ra8b8
14.Qb7xc6 Rb8c8
15.Qc6b5 Qe5e4
16.Qb5f1 Qe4a4
17.Be3xc5 Rc8xc5
18.b4 Rc5xc3
19.Na3b5 Qa4xb4
20.Kd2 Qb4b2
21.Ke1 Qb2xa1
22.Ke2 Qa1xa2
23.Ke1 Rc3c1

0-1

[Event "Tourn. n7911"]
[Site "www.chess-mail.com"]
[Date "2014.12.30"]
[Round "1"]
[White "Woodpusher2"]
[Black "Korto"]
[WhiteElo "2460"]
[BlackElo "2320"]
[Result "1-0"]
[Round "1"]
1.d4 Ng8f6
2.c4 g6
3.Nb1c3 d5
4.cxd5 Nf6xd5
5.e4 Nd5xc3
6.bxc3 Bf8g7
7.Bf1c4 c5
8.Ng1e2 Nb8c6
9.Bc1e3 O-O
10.O-O cxd4
11.cxd4 Nc6a5
12.Bc4d3 Bc8e6
13.d5 Bg7xa1
14.Qd1xa1 f6
15.Be3h6 Rf8e8
16.Ne2f4 Be6d7
17.e5 Ra8c8
18.e6 Bd7a4
19.Qa1b1 Qd8b6
20.Bd3xg6 Qb6xb1
21.Bg6f7 Kh8
22.Rf1xb1 Rc8c5
23.Nf4h5 Re8g8
24.d6 exd6
25.Nh5xf6 Rg8c8
26.g4 Ba4c6
27.Nf6h5 Rc8g8
28.Bf7xg8 Kxg8
29.Nh5f6 Kh8
30.Rb1e1 Rc5e5
31.Re1xe5 dxe5
32.e7 Na5c4
33.e8Q Bc6xe8
34.Nf6xe8 Kg8
35.Ne8f6 Kf7
36.g5 Nc4d6
37.Nf6xh7 Nd6f5
38.Kg2 Nf5xh6
39.gxh6 Kg6
40.Nh7g5 Kxh6
41.Ng5f7 Kg6
42.Nf7xe5 Kf5
43.Ne5f7 b6
44.Nf7d6 { resign }
1-0

[Event "Tourn. n7892"]
[Site "www.chess-mail.com"]
[Date "2014.12.30"]
[Round "1"]
[White "Georgepapi"]
[Black "Generalfree"]
[WhiteElo "1740"]
[BlackElo "1810"]
[Result "1-0"]
[Round "1"]
1.e4 e5
2.Ng1f3 Nb8c6
3.Bf1b5 Ng8e7
4.O-O a6
5.Bb5a4 b5
6.Ba4b3 h6
7.d4 exd4
8.Nf3xd4 Nc6xd4
9.Qd1xd4 Ne7c6
10.Qd4d5 Qd8e7
11.Bc1f4 Ra8a7
12.Nb1c3 Qe7e6
13.Rf1e1 Bf8b4
14.Qd5d3 Qe6f6
15.Qd3g3 Bb4xc3
16.bxc3 d6
17.Bb3d5 Bc8d7
18.Bd5xc6 Bd7xc6
19.e5 Qf6g6
20.exd6 Kf8
21.Qg3xg6 fxg6
22.Re1e7 { resign }
1-0

[Event "Tourn. n7670"]
[Site "www.chess-mail.com"]
[Date "2014.12.30"]
[Round "1"]
[White "Samael"]
[Black "Mitja"]
[WhiteElo "2030"]
[BlackElo "1990"]
[Result "1/2-1/2"]
[Round "1"]
1.d4 d5
2.e3 e6
3.a3 Ng8f6
4.Ng1f3 a6
5.h3 Nb8c6
6.Nb1c3 h6
7.Bf1e2 Bf8e7
8.O-O b5
9.Bc1d2 Bc8b7
10.Nf3h2 Be7d6
11.f4 Nf6e4
12.Nc3xe4 dxe4
13.Ra1c1 f5
14.c4 bxc4
15.Be2xc4 Qd8e7
16.Qd1b3 Nc6d8
17.Rc1c2 O-O
18.Rf1c1 Kh8
19.Bd2b4 Bd6xb4
20.Qb3xb4 Qe7f7
21.Bc4e2 c6
22.Be2h5 Qf7f6
23.Bh5e2 Rf8f7
24.Nh2f1 Rf7c7
25.Nf1g3 g6
26.Qb4d6 Ra8c8
27.b4 Nd8f7
28.Qd6c5 Qf6h4
29.Ng3f1 h5
30.Qc5c3 Kg8
31.Qc3e1 Qh4f6
32.b5 Qf6e7
33.bxa6 Bb7a8
34.Qe1g3 Kh7
35.Nf1d2 Qe7xa3
36.Rc2c3 Qa3b4
37.Nd2c4 c5
38.Nc4d2 Rc7c6
39.Qg3e1 cxd4
40.Rc3xc6 Rc8xc6
41.Rc1xc6 Ba8xc6
42.Qe1c1 d3
43.Be2f1 Bc6d5
44.Qc1c7 Kg7
45.Qc7c1 Qb4a5
46.g3 Qa5xa6
47.Qc1d1 Qa6a2
48.Bf1g2 Nf7d6
49.Qd1c1 Qa2c2
50.Qc1e1 Nd6b5
51.Nd2b1 Bd5a2
52.Nb1d2 Nb5c3
53.Nd2f1 Nc3e2
54.Kh2 Qc2c3
55.Qe1xc3 Ne2xc3
56.Kg1 Nc3e2
57.Kf2 Kf7
58.Nf1d2 Ne2c3
59.Bg2f1 Nc3b1
60.Ke1 Nb1xd2
61.Kxd2 Ba2c4
62.h4 Kf6
63.Bf1g2 e5
64.Bg2f1 exf4
65.gxf4 Ke6
66.Bf1h3 Kd5
67.Bh3f1 Kc5
{ draw }
1/2-1/2

[Event "Tourn. n7941"]
[Site "www.chess-mail.com"]
[Date "2014.12.30"]
[Round "1"]
[White "Stevo100"]
[Black "Falcoale"]
[WhiteElo "2040"]
[BlackElo "2000"]
[Result "1-0"]
[Round "1"]
1.d4 Ng8f6
2.Ng1f3 e6
3.e3 b6
4.Bf1d3 Bc8b7
5.Nb1d2 c5
6.b3 Nb8c6
7.a3 Bf8e7
8.Bc1b2 O-O
9.O-O d5
10.Nf3e5 Nc6xe5
11.dxe5 Nf6d7
12.f4 a6
13.c4 f6
14.Qd1h5 f5
15.Rf1f3 dxc4
16.Rf3h3 h6
17.Bd3xc4 Bb7d5
18.Bc4xd5 exd5
19.Qh5g6 Qd8e8
20.Rh3xh6 Qe8xg6
21.Rh6xg6 b5
22.Nd2f3 Rf8f7
23.e6 Rf7f6
24.Rg6xf6 Nd7xf6
25.Ra1d1 Ra8d8
26.h3 Nf6e4
27.g4 fxg4
28.hxg4 Ne4g3
29.Kg2 Ng3e4
30.Nf3e5 Rd8d6
31.f5 Ne4f6
32.Kf3 Nf6e4
33.Ne5g6 Be7f6
34.Rd1h1 Ne4g5
35.Kf4 Ng5h7
36.e7 Bf6xe7
37.Ng6xe7 Kh8
38.g5 d4
39.g6 { resign }
1-0

[Event "Tourn. n7922"]
[Site "www.chess-mail.com"]
[Date "2014.12.30"]
[Round "1"]
[White "Oxycontin"]
[Black "Hali"]
[WhiteElo "2030"]
[BlackElo "2190"]
[Result "0-1"]
[Round "1"]
1.Ng1f3 d5
2.d4 e6
3.e3 Ng8f6
4.c4 c6
5.Nb1c3 Nb8d7
6.Bf1d3 dxc4
7.Bd3xc4 b5
8.Bc4d3 a6
9.Nc3e4 Bf8b4
10.Bc1d2 Qd8e7
11.O-O c5
12.Bd2xb4 cxb4
13.Ne4xf6 Nd7xf6
14.e4 Bc8b7
15.d5 exd5
16.exd5 O-O
17.Rf1e1 Qe7d6
18.Re1e5 Bb7xd5
19.Re5g5 Ra8d8
{ resign }
0-1

[Event "Tourn. n7657"]
[Site "www.chess-mail.com"]
[Date "2014.12.30"]
[Round "1"]
[White "Seger"]
[Black "Numanoid"]
[WhiteElo "2670"]
[BlackElo "2450"]
[Result "1/2-1/2"]
[Round "1"]
1.d4 d5
2.c4 e6
3.g3 Ng8f6
4.cxd5 exd5
5.Bf1g2 c6
6.Ng1f3 Bf8d6
7.O-O O-O
8.Qd1c2 Bc8g4
9.Nf3e5 Bg4e6
10.Bc1g5 h6
11.Bg5xf6 Qd8xf6
12.f4 Qf6e7
13.e3 Rf8e8
14.Nb1c3 f6
15.Ne5g6 Qe7c7
16.f5 Be6f7
17.Ra1c1 Qc7b6
18.Rf1e1 Nb8d7
19.a3 Ra8c8
20.Qc2f2 Kh7
21.Bg2f3 Kg8
22.Bf3h5 Rc8d8
23.Kg2 Qb6a5
24.Qf2f3 Qa5b6
25.Re1e2 Qb6b3
26.Ng6f4 Bd6xf4
27.gxf4 Bf7xh5
28.Qf3xh5 Re8e7
29.Rc1g1 Kh8
30.Kh1 Rd8g8
31.Rg1g6 Nd7f8
32.Rg6g3 a5
33.Re2g2 Nf8d7
34.Rg3h3 Qb3c4
35.Qh5d1 Qc4a6
36.Qd1h5 Qa6f1
37.Rg2g1 Qf1d3
{ draw }
1/2-1/2

[Event "Tourn. n7777"]
[Site "www.chess-mail.com"]
[Date "2014.12.30"]
[Round "1"]
[White "Naujzaid"]
[Black "Attatroll"]
[WhiteElo "1830"]
[BlackElo "2040"]
[Result "0-1"]
[Round "1"]
1.d4 f5
2.e4 fxe4
3.Nb1c3 Ng8f6
4.Bc1g5 g6
5.Bg5xf6 exf6
6.Nc3xe4 Bf8g7
7.Ng1f3 O-O
8.Bf1e2 d5
9.Ne4g3 Bc8g4
10.O-O c6
11.h3 Bg4xf3
12.Be2xf3 Nb8d7
13.Qd1d2 Nd7b6
14.b3 f5
15.Ra1e1 Rf8e8
16.c3 Qd8d7
17.Re1xe8 Ra8xe8
18.Rf1e1 Re8xe1
19.Qd2xe1 Kf8
20.Ng3f1 Qd7e7
21.Qe1xe7 Kxe7
22.Nf1d2 Nb6d7
23.Bf3e2 Nd7f6
24.f3 Nf6h5
25.Kf2 Nh5f4
26.Be2f1 Bg7h6
27.Nd2b1 Nf4h5
28.g4 fxg4
29.fxg4 Nh5f6
30.Bf1g2 Kd6
31.Ke2 Bh6g5
32.Nb1d2 Bg5f4
33.c4 Bf4xd2
34.Kxd2 dxc4
35.bxc4 b5
36.a4 bxc4
37.Bg2f1 Kd5
38.Bf1g2 Kxd4
39.Bg2xc6 c3
40.Kc2 Kc5
41.Bc6b5 Nf6e4
42.h4 Kd4
43.h5 gxh5
44.gxh5 h6
45.Bb5d3 Ne4g3
46.Bd3g6 a5
47.Bg6f7 Ng3f5
48.Bf7g6 Nf5e3
49.Kb3 Ne3f1
50.Kc2 Nf1g3
51.Bg6f7 Ng3f5
52.Bf7g6 Nf5d6
53.Bg6d3 Nd6c4
54.Bd3g6 Nc4b2
55.Bg6e8 Kc4
56.Be8f7 Kb4
57.Bf7e8 Nb2xa4
58.Be8xa4 Kxa4
59.Kxc3 Kb5
60.Kb3 Kc5
{ resign }
0-1

[Event "Tourn. n7852"]
[Site "www.chess-mail.com"]
[Date "2014.12.30"]
[Round "1"]
[White "Ffdd65"]
[Black "Falcoale"]
[WhiteElo "2090"]
[BlackElo "2050"]
[Result "1-0"]
[Round "1"]
1.e4 c5
2.c3 Nb8c6
3.d4 cxd4
4.cxd4 e6
5.Ng1f3 d5
6.e5 f6
7.Bf1b5 a6
8.Bb5xc6 bxc6
9.O-O a5
10.Nb1c3 Bc8d7
11.Nc3a4 f5
12.Qd1c2 Ra8c8
13.Bc1e3 Ng8e7
14.Na4c5 g6
15.Nf3g5 h6
16.Ng5xe6 Bd7xe6
17.Nc5xe6 Qd8d7
18.Ne6xf8 Kxf8
19.Qc2d2 Kg7
20.Qd2xa5 Rc8a8
21.Qa5d2 g5
22.f4 g4
23.Qd2e1 Qd7e6
24.Kf2 Rh8b8
25.b3 Rb8e8
26.Rf1h1 h5
27.h4 Ne7c8
28.Qe1b4 Re8e7
29.Rh1c1 Ra8a7
30.Rc1c5 Re7b7
31.Qb4c3 Nc8e7
32.a4 Kf7
33.a5 Ra7a6
34.Ra1a4 Ne7c8
35.Ra4b4 Rb7xb4
36.Qc3xb4 Qe6d7
37.Be3d2 Nc8a7
38.Rc5c3 Na7b5
39.Rc3e3 Ke6
40.Qb4c5 Qd7c8
41.Bd2b4 Qc8d8
42.g3 Qd8d7
43.Re3d3 Qd7c7
44.Qc5f8 Qc7f7
45.Qf8c8 { resign }
1-0

[Event "Tourn. n7942"]
[Site "www.chess-mail.com"]
[Date "2014.12.30"]
[Round "1"]
[White "Krasin"]
[Black "Liencam2"]
[WhiteElo "2200"]
[BlackElo "2260"]
[Result "0-1"]
[Round "1"]
1.e4 c5
2.c3 d5
3.exd5 Qd8xd5
4.d4 g6
5.Ng1f3 Bf8g7
6.Bf1e2 cxd4
7.O-O Ng8f6
8.cxd4 O-O
9.Nb1c3 Qd5a5
10.h3 Nb8c6
11.Bc1e3 Bc8e6
12.Qd1d2 Ra8d8
13.Rf1d1 Rd8d7
14.a3 Be6b3
15.Rd1c1 e5
16.d5 Nf6xd5
17.Nc3xd5 Qa5xd5
18.Qd2xd5 Bb3xd5
19.b4 e4
{ resign }
0-1

[Event "Match"]
[Site "www.echecsemail.com"]
[Date "2014.12.30"]
[Round "1"]
[White "Generalfree"]
[Black "Gambitmiau"]
[WhiteElo "1780"]
[BlackElo "1720"]
[Result "0-1"]
[Round "1"]
1.e4 Nb8c6
2.Ng1f3 d5
3.e5 Bc8g4
4.Bf1b5 Qd8d7
5.h3 Bg4h5
6.g4 Bh5g6
7.Nf3d4 Bg6e4
8.f3 Be4g6
9.f4 Bg6e4
10.Rh1g1 e6
11.d3 Be4g6
12.h4 f5
13.exf6 h5
14.Qd1e2 Ng8xf6
15.Nd4xe6 Ra8c8
16.Bb5xc6 Qd7xc6
17.Ne6d4 Kd7
18.Nd4xc6 Rc8e8
19.Nc6e5 Kc8
20.Qe2f3 hxg4
21.Rg1xg4 Bg6h5
22.Kd1 Re8xe5
23.Kd2 Bh5xg4
24.Qf3g3 Bf8b4
25.c3 Re5e2
26.Kd1 Re2g2
27.Qg3xg4 Rg2xg4
28.cxb4 Rh8xh4
29.Bc1e3 Rh4h1
30.Kc2 Nf6h5
31.Be3xa7 b6
{ resign }
0-1

[Event "Match"]
[Site "www.echecsemail.com"]
[Date "2014.12.30"]
[Round "1"]
[White "Calponas"]
[Black "Oxycontin"]
[WhiteElo "2020"]
[BlackElo "2060"]
[Result "1-0"]
[Round "1"]
1.e4 Ng8f6
2.e5 Nf6d5
3.d4 d6
4.Ng1f3 dxe5
5.Nf3xe5 Nb8c6
6.Bf1b5 Bc8d7
7.Ne5xd7 Qd8xd7
8.c4 { resign }
1-0

[Event "Match"]
[Site "www.echecsemail.com"]
[Date "2014.12.30"]
[Round "1"]
[White "Oxycontin"]
[Black "Libiesse"]
[WhiteElo "2030"]
[BlackElo "2050"]
[Result "0-1"]
[Round "1"]
1.Ng1f3 c5
2.e3 e6
3.d4 cxd4
4.exd4 d5
5.c4 Ng8f6
6.Nb1c3 Bf8e7
7.cxd5 Nf6xd5
8.Bf1b5 Bc8d7
9.Qd1a4 Nb8c6
10.O-O O-O
11.Nc3xd5 exd5
12.Bc1f4 a6
13.Bb5d3 Nc6e5
14.Qa4d1 Ne5xd3
15.Qd1xd3 Bd7b5
16.Qd3f5 Bb5xf1
17.Kxf1 Ra8c8
18.Nf3e5 Be7f6
{ resign }
0-1

[Event "Match"]
[Site "www.echecsemail.com"]
[Date "2014.12.30"]
[Round "1"]
[White "Billyg"]
[Black "Blackpool"]
[WhiteElo "1560"]
[BlackElo "1720"]
[Result "0-1"]
[Round "1"]
1.e4 e5
2.Ng1f3 d6
3.h3 Ng8f6
4.Nb1c3 Bf8e7
5.Bf1d3 c5
6.Bd3b5 Bc8d7
7.Bb5xd7 Qd8xd7
8.O-O Nb8c6
9.Nc3d5 O-O
10.d3 Nf6xd5
11.exd5 Nc6d4
12.Nf3xd4 cxd4
13.c3 dxc3
14.bxc3 f5
15.f4 Be7f6
16.Bc1a3 exf4
17.Rf1xf4 Bf6xc3
18.Ra1c1 Bc3e5
19.Rf4c4 Ra8c8
20.Rc4xc8 Rf8xc8
21.Rc1xc8 Qd7xc8
22.d4 Be5f6
23.Ba3xd6 Qc8c4
24.Qd1e1 Qc4xd4
25.Kh1 Qd4e4
26.Qe1c1 h6
27.Qc1c8 Kh7
28.Qc8xb7 Qe4e1
29.Kh2 Bf6d4
30.h4 Qe1xh4

0-1

[Event "Match"]
[Site "www.echecsemail.com"]
[Date "2014.12.30"]
[Round "1"]
[White "Lautreamont"]
[Black "Ostapbender"]
[WhiteElo "2089"]
[BlackElo "2620"]
[Result "1-0"]
[Round "1"]
1.Nb1c3 c5
2.Ng1f3 Nb8c6
3.e4 g6
4.d4 cxd4
5.Nf3xd4 Bf8g7
6.Bc1e3 Ng8f6
7.Bf1c4 O-O
8.Bc4b3 a5
9.O-O a4
10.Nc3xa4 Nf6xe4
11.Nd4b5 Ra8a6
12.Qd1e2  { time }
1-0

[Event "Match"]
[Site "www.echecsemail.com"]
[Date "2014.12.30"]
[Round "1"]
[White "Sorel"]
[Black "Ztornad"]
[WhiteElo "1990"]
[BlackElo "1620"]
[Result "1-0"]
[Round "1"]
1.e4 e5
2.Ng1f3 d6
3.d4 Bc8g4
4.dxe5 Nb8d7
5.exd6 Bf8xd6
6.Bf1c4 Nd7e5
7.Bc4e2 Ne5xf3
8.Be2xf3 Bg4xf3
9.Qd1xf3 Bd6c5
10.Nb1c3 c6
11.O-O Ng8e7
12.Bc1g5 f6
13.Bg5h4 Ne7g6
14.Qf3h5 Bc5e7
15.Rf1e1 Qd8d4
16.Ra1d1 Qd4e5
17.Qh5xe5 Ng6xe5
18.f4 Ne5g6
19.Bh4g3 h5
20.h3 Be7c5
21.Kh1 O-O
22.Rd1d7 b5
23.Rd7c7 h4
24.Bg3h2 Rf8c8
25.Rc7d7 Rc8e8
26.Re1d1 a5
27.Rd7c7 Ra8a6
28.Rd1d7 Ng6e7
29.e5 f5
30.Bh2g1 Bc5xg1
31.Kxg1 Ra6a8
32.Rd7xe7 Re8xe7
33.Rc7xe7 Ra8d8
34.e6 g6
35.Re7c7 Rd8e8
36.Rc7xc6 b4
37.Nc3d5 Re8a8
38.e7 Kg7
39.Rc6d6 Ra8c8
40.Rd6d8 Rc8xc2
41.e8Q Rc2c1
42.Kh2 Rc1f1
43.Rd8d7  { time }
1-0